000 01975nam0a2200337 4500
001 RU\NLR\bibl\1068704
005 20250615042717.0
010 _a5-89482-181-9
_950
021 _aRU
_b2007-9642
_9509
035 _a(NLR Aleph) 001055948
090 _a908217
_c908217
100 _a20070404d2006 |||y0rusy50 ca
101 0 _arus
102 _aRU
105 _aa |||||||||
200 1 _aВодозаборные сооружения систем водоснабжения промышленных предприятий
_eучебное пособие для студентов, обучающихся по специальности "Промышленная теплоэнергетика" и "Энергообеспечение предприятий"
_fВ.Г. Арсенов, С.В. Васильев
_gФедер. агентство по образованию, Гос. образоват. учреждение высш. проф. образования "Иван. гос. энерг. ун-т им. В.И. Ленина"
210 _aИваново
_cГОУ ВПО "Ивановский государственный энергетический университет"
_d2006
215 _a111 с.
_cил.
_d21
320 _aБиблиогр.: с. 98-99 (14 назв.)
606 1 _aВодозаборы для промышленного водоснабжения
_jУчебные издания для высших учебных заведений
_91296657
_3RU\NLR\auth\66219066
686 _aН761.120.2я73-1
700 1 _aАрсенов
_bВ. Г.
_gВладимир Григорьевич
_4070
701 1 _4070
_aВасильев
_bС. В.
_cканд. техн. наук, теплоэнергетика
_gСергей Владимирович
_9201337
_3RU\NLR\AUTH\770201388
801 0 _aRU
_bNLR
_c20070404
_gRCR
801 1 _aRU
_bNLR
_c20070404
830 _aпо кн
942 _cBOOK
980 _aNB
980 _aNBR